000 00708nam a2200253Ia 4500
003 OSt
005 20220928120927.0
006 a|||||r|||| 00| 0
007 ta
008 220927b |||||||| |||| 00| 0 eng d
024 _a118767
037 _bGifted, 20/03/2013, Gifted
_cTextual
040 _aSDCL
_cSDCL
_beng
041 _2eng
_aeng
082 _aB26, N8
100 _aGallian Joseph A
_9451376
245 0 _aContemporary abstract algebra.
250 _a4th
260 _aNew Delhi
_bNarosa publishing House
_c1998
300 _axii,583p
_ccm.
650 _aGift
_9391569
942 _hB26, N8
_cTEXL
_2CC
999 _c765447
_d765447